000 00238nam a2200097Ia 4500
008 170619s9999 xx 000 0 und d
100 _akasana H S
245 0 _aComplex Variable Theory and Application
260 _bNew Delhi: PHI
260 _c2005
546 _aENGLISH
999 _c17746
_d17746